[Event "BCF-chT3 0405 (4NCL)"]
[Site "Telford"]
[Date "2005.02.26"]
[Round "5.7"]
[White "Dalmau, Anneli"]
[Black "Groombridge, Mike"]
[Result "1/2-1/2"]
[WhiteElo "2087"]
[BlackElo "1915"]
[PlyCount "42"]
[EventDate "2004.11.06"]
[EventType "team-tourn"]
[EventRounds "11"]
[EventCountry "ENG"]
[SourceTitle "EXT 2006"]
[Source "ChessBase"]
[SourceDate "2005.11.24"]
[SourceVersion "1"]
[SourceVersionDate "2005.11.24"]
[SourceQuality "1"]
[WhiteTeam "Athenaeum"]
[BlackTeam "The ADS II"]
[WhiteTeamCountry "ENG"]
[BlackTeamCountry "ENG"]

1. e4 e6 2. d4 d5 3. exd5 exd5 4. Nf3 Bd6 5. c4 c6 6. Nc3 Ne7 7. Bd3 Bg4 8. Be3 Nd7 9. 0-0 Nf6 10. c5 Bc7 11. b4 0-0 12. Re1 Re8 13. a4 Nf5 14. Qc2 Qd7 15. Bg5 Ne4 16. Be3 Bxf3 17. gxf3 Nxd4 18. Bxd4 Qh3 19. f4 Qg4+ 20. Kf1 Qh3+ 21. Kg1 Qg4+ 1/2-1/2

[Event "Rilton Cup 34th"]
[Site "Stockholm"]
[Date "2004.12.28"]
[Round "2"]
[White "Dalmau, Anneli"]
[Black "Ozga, Magdalena"]
[Result "1-0"]
[WhiteElo "2087"]
[BlackElo "1911"]
[PlyCount "139"]
[EventDate "2004.12.27"]
[EventType "swiss"]
[EventRounds "9"]
[EventCountry "SWE"]
[SourceTitle "CBM 104 Extra"]
[Source "ChessBase"]
[SourceDate "2005.03.01"]
[SourceVersion "1"]
[SourceVersionDate "2005.03.01"]
[SourceQuality "1"]

1. e4 e6 2. d4 d5 3. exd5 exd5 4. Nf3 Nf6 5. c4 c6 6. Nc3 Be7 7. Bd3 0-0 8. 0-0 dxc4 9. Bxc4 Nbd7 10. Ne5 Nb6 11. Bd3 Kh8 12. Bc2 Nbd5 13. Nxd5 cxd5 14. Qd3 h6 15. Bf4 Be6 16. Rae1 Rc8 17. Ng6+ fxg6 18. Rxe6 Ne4 19. Be5 Qe8 20. Qh3 Kg8 21. Bxe4 dxe4 22. Qb3 Kh7 23. Qxb7 Qf7 24. Rc6 Rxc6 25. Qxc6 e3 26. f4 Bf6 27. Qe4 Qxa2 28. Qxe3 Qd5 29. Qf3 Qd7 30. Qa3 Rc8 31. Re1 Re8 32. Qc5 Be7 33. Qc7 Qe6 34. Qc3 Qf7 35. b3 Rf8 36. Qc4 Bf6 37. b4 Rd8 38. Kf1 Qd7 39. Bxf6 gxf6 40. Rd1 Qd5 41. Qc7+ Qd7 42. Qc4 Qd5 43. Qxd5 Rxd5 44. Ke2 Kg7 45. Kd3 Kf7 46. Kc4 Ke6 47. Re1+ Kd6 48. Ra1 Rf5 49. g3 g5 50. fxg5 hxg5 51. Ra6+ Kc7 52. Rxa7+ Kb6 53. Ra2 Rf1 54. Rd2 Rc1+ 55. Kd5 Re1 56. Rf2 Kb5 57. Rxf6 g4 58. Re6 Rd1 59. Re4 Rd2 60. Rxg4 Rxh2 61. Rg8 Rh5+ 62. Ke4 Kxb4 63. Rb8+ Kc4 64. Rc8+ Kb5 65. Rc5+ Rxc5 66. dxc5 Kxc5 67. Ke5 Kc6 68. Ke6 Kc7 69. g4 Kd8 70. Kf7 1-0

[Event "Nordic-ch (Women)"]
[Site "Stockholm"]
[Date "2003.08.10"]
[Round "9"]
[White "Olsen, Miriam F"]
[Black "Dalmau, Anneli"]
[Result "0-1"]
[WhiteElo "2036"]
[BlackElo "2090"]
[PlyCount "114"]
[EventDate "2003.08.02"]
[EventType "swiss"]
[EventRounds "9"]
[EventCountry "SWE"]
[SourceTitle "CBM 095 Extra"]
[Source "ChessBase"]
[SourceDate "2003.09.04"]
[SourceVersion "1"]
[SourceVersionDate "2003.09.04"]
[SourceQuality "1"]

1. e4 e5 2. f4 exf4 3. Bc4 c6 4. Nc3 Nf6 5. d4 d5 6. exd5 Nxd5 7. Qf3 Bb4 8. Nge2 Qh4+ 9. Kf1 0-0 10. Bd2 Bg4 11. Qe4 Nd7 12. Be1 Ne3+ 13. Kg1 Qf6 14. Bd3 Bf5 15. Qxf4 Bxd3 16. Qxf6 Nxf6 17. cxd3 Nc2 18. Rc1 Nxe1 19. Rxe1 Rfe8 20. h3 Re3 21. Rd1 Rae8 22. Kf2 Bxc3 23. Nxc3 R3e6 24. Rhe1 Kf8 25. Kf1 R8e7 26. Kf2 Ke8 27. Rxe6 Rxe6 28. Re1 Rxe1 29. Kxe1 Nh5 30. Ne2 Ke7 31. Kf2 Kd6 32. Kf3 f5 33. Nc3 g6 34. g4 Ng7 35. gxf5 Nxf5 36. Ke4 Ng3+ 37. Kf3 Nf5 38. Ke4 b6 39. Ne2 Ke6 40. Nf4+ Kf6 41. d5 Nd6+ 42. Ke3 c5 43. d4 Nf5+ 44. Ke4 Nxd4 45. b4 Nb5 46. bxc5 bxc5 47. Nd3 Nd6+ 48. Kf4 c4 49. Nb4 g5+ 50. Ke3 Ke5 51. a4 a5 52. Nc6+ Kxd5 53. Nxa5 Kc5 54. Kf3 h5 55. Ke3 Kb6 56. Nxc4+ Nxc4+ 57. Ke4 g4 0-1

[Event "Stockholm (Women)"]
[Site "Stockholm"]
[Date "2002.08.09"]
[Round "7"]
[White "Dalmau, Anneli"]
[Black "Jiretorn, Eva"]
[Result "1-0"]
[WhiteElo "2059"]
[BlackElo "2116"]
[PlyCount "79"]
[EventDate "2002.08.03"]
[EventType "swiss"]
[EventRounds "9"]
[EventCountry "SWE"]
[SourceTitle "CBM 089 Extra"]
[Source "ChessBase"]
[SourceDate "2002.09.10"]
[SourceVersion "2"]
[SourceVersionDate "2002.09.10"]
[SourceQuality "1"]

1. e4 c5 2. Nf3 d6 3. d4 cxd4 4. Nxd4 Nf6 5. Nc3 g6 6. Be2 Bg7 7. Be3 0-0 8. 0-0 Nc6 9. Nb3 Be6 10. f4 Rc8 11. Kh1 a6 12. Bf3 b5 13. Nd5 Bxd5 14. exd5 Nb8 15. c3 Nbd7 16. Nd4 Nc5 17. f5 Qd7 18. g4 Qb7 19. Ne2 Nfd7 20. Nf4 Ne5 21. Bg2 Nc4 22. Bd4 Bxd4 23. cxd4 Na4 24. Qe1 Ncxb2 25. Qh4 Qa7 26. f6 exf6 27. Qxf6 Rfe8 28. Nh5 gxh5 29. Rf5 Re2 30. Raf1 h6 31. Qxh6 f6 32. Rxf6 Qg7 33. Rg6 Rc7 34. Rxg7+ Rxg7 35. Qxh5 Nc4 36. g5 Ree7 37. Bh3 Ne3 38. Rf6 Rh7 39. Qg6+ Rhg7 40. Qh6 1-0

[Event "Hasselbacken op (Women)"]
[Site "Stockholm"]
[Date "2001.08.05"]
[Round "9"]
[White "Dalmau, Anneli"]
[Black "Ericsson, Susanne"]
[Result "1-0"]
[WhiteElo "2026"]
[BlackElo "2040"]
[PlyCount "65"]
[EventDate "2001.07.28"]
[EventType "swiss"]
[EventRounds "9"]
[EventCountry "SWE"]
[SourceTitle "EXT 2002"]
[Source "ChessBase"]
[SourceDate "2001.11.25"]
[SourceVersion "1"]
[SourceVersionDate "2001.11.25"]
[SourceQuality "1"]

1. e4 e5 2. Nf3 Nf6 3. Nc3 Bb4 4. Bc4 0-0 5. 0-0 d6 6. d3 Bxc3 7. bxc3 Nc6 8. a4 a5 9. Rb1 Ne7 10. Bg5 Ng6 11. Re1 h6 12. Bc1 Re8 13. Nd2 Nf4 14. d4 g5 15. f3 Rb8 16. Nf1 Be6 17. Ne3 Kh7 18. Bxe6 Nxe6 19. Nc4 exd4 20. cxd4 b6 21. c3 Qd7 22. Rb5 Kg7 23. e5 dxe5 24. Nxe5 Qd6 25. Nc4 Qc6 26. Ne3 Qxc3 27. Bb2 Qc6 28. d5 Qd7 29. Bxf6+ Kxf6 30. Ng4+ Kg7 31. Qa1+ Kf8 32. Qh8+ Ke7 33. Qf6+ 1-0

[Event "Hasselbacken op (Women)"]
[Site "Stockholm"]
[Date "2001.07.28"]
[Round "1"]
[White "Dalmau, Anneli"]
[Black "Andersson, Christin"]
[Result "0-1"]
[WhiteElo "2026"]
[BlackElo "2124"]
[PlyCount "86"]
[EventDate "2001.07.28"]
[EventType "swiss"]
[EventRounds "9"]
[EventCountry "SWE"]
[SourceTitle "EXT 2002"]
[Source "ChessBase"]
[SourceDate "2001.11.25"]
[SourceVersion "1"]
[SourceVersionDate "2001.11.25"]
[SourceQuality "1"]

1. e4 e6 2. d4 d5 3. exd5 exd5 4. Nf3 Bg4 5. c4 Bb4+ 6. Nc3 Qe7+ 7. Be3 Nf6 8. a3 Bxc3+ 9. bxc3 0-0 10. Be2 Ne4 11. Qb3 dxc4 12. Qxc4 Nd7 13. 0-0 Nd6 14. Qd3 Bf5 15. Qd2 Ne4 16. Qb2 Nb6 17. c4 c6 18. Rac1 Rfe8 19. Rfe1 Rad8 20. Bd3 Qc7 21. Ne5 f6 22. Nf3 Bg6 23. Qc2 f5 24. Ne5 Nd7 25. Nxg6 hxg6 26. f3 Nef6 27. Qd2 Nf8 28. Bb1 Qe7 29. Qb4 Qd7 30. Rcd1 Ne6 31. Ba2 c5 32. dxc5 Qxd1 33. Rxd1 Rxd1+ 34. Kf2 f4 35. Ke2 Rdd8 36. Bd2 Nxc5+ 37. Kd1 b6 38. Bb1 Re7 39. Kc1 g5 40. Qc3 Re2 41. Be1 Rde8 42. Be4 Nfxe4 43. fxe4 Rxe1+ 0-1

[Event "Stockholm op (Women)"]
[Site "Stockholm"]
[Date "1998.08.08"]
[Round "8"]
[White "Horn, Emilia"]
[Black "Dalmau, Anneli"]
[Result "1/2-1/2"]
[WhiteElo "2035"]
[BlackElo "2030"]
[PlyCount "94"]
[EventDate "1998.08.??"]
[EventType "swiss"]
[EventRounds "9"]
[EventCountry "SWE"]
[SourceTitle "EXT 1999"]
[Source "ChessBase"]
[SourceDate "1998.11.16"]
[SourceVersion "1"]
[SourceVersionDate "1998.11.16"]
[SourceQuality "1"]

1. e4 e5 2. Bc4 Nf6 3. d3 c6 4. Bb3 d5 5. Nf3 Bd6 6. Nc3 0-0 7. 0-0 dxe4 8. Nxe4 Bg4 9. Re1 Nxe4 10. Rxe4 Bf5 11. Bg5 Qc7 12. Re3 Nd7 13. Nh4 Be6 14. Bxe6 fxe6 15. Qe2 Bc5 16. Rf3 Rxf3 17. Nxf3 Rf8 18. Be3 Qb6 19. Bxc5 Qxc5 20. Rd1 Qb5 21. b3 Rf6 22. Re1 Qc5 23. c4 a5 24. h3 h6 25. Qe4 Kf7 26. Re2 Rf4 27. Nxe5+ Qxe5 28. Qxe5 Nxe5 29. Rxe5 b6 30. Kf1 Rd4 31. Ke2 g5 32. g3 Kf6 33. Re3 g4 34. h4 h5 35. Kd2 c5 36. Re4 e5 37. Ke3 Rd8 38. Ke2 Kf5 39. Ke3 Kf6 40. f3 gxf3 41. Kxf3 Kf5 42. Ke3 Rd7 43. Ke2 Rg7 44. Kf3 Rd7 45. Ke2 Rg7 46. Kf3 Rd7 47. Ke2 Rg7 1/2-1/2

[Event "Sweden op"]
[Site "Sweden"]
[Date "1992.??.??"]
[Round "?"]
[White "Wieweg, Johnny"]
[Black "Dalmau, Anneli"]
[Result "0-1"]
[WhiteElo "2355"]
[BlackElo "2045"]
[PlyCount "55"]
[EventDate "1992.??.??"]
[EventType "swiss"]
[EventRounds "7"]
[EventCountry "SWE"]
[SourceTitle "EXT 1997"]
[Source "ChessBase"]
[SourceDate "1996.11.15"]
[SourceVersion "1"]
[SourceVersionDate "1996.11.15"]
[SourceQuality "1"]

1. e4 e5 2. Nf3 Nc6 3. d4 exd4 4. Nxd4 Nf6 5. Nxc6 bxc6 6. e5 Qe7 7. Qe2 Nd5 8. c4 Nb6 9. Nd2 Qe6 10. b3 Be7 11. Bb2 0-0 12. g3 f6 13. f4 fxe5 14. fxe5 d5 15. 0-0-0 a5 16. h4 a4 17. Bh3 Qg6 18. Bxc8 Rfxc8 19. g4 axb3 20. axb3 Qe6 21. g5 Re8 22. Rhf1 Ba3 23. Nf3 Bxb2+ 24. Qxb2 dxc4 25. Rfe1 cxb3 26. Nd4 Qc4+ 27. Kb1 Na4 28. Qxb3 0-1